| 000 | 00405nam a2200145 i 4500 | ||
|---|---|---|---|
| 001 | bg | ||
| 245 | 0 |
_aBadania geologiczne masywów skalnych w budownictwie wodnym / _c[Janusz Dziewański et al.]. |
|
| 260 |
_aWarszawa, _c1983. |
||
| 700 | 1 | _aDziewański, Janusz. | |
| 040 | _cBPK | ||
| 041 | _apol | ||
| 080 | _a626/627:550.8:552/553:624.13 | ||
| 942 | _cKS | ||
| 008 | s pl f |000 0 pol | ||
| 999 |
_c21953 _d21953 |
||
| 856 |
_uhttp://koha.tu.koszalin.pl/cgi-bin/koha/opac-detail.pl?biblionumber=21953 _yKatalog online BPK |
||